<?xml version="1.0" encoding="UTF-8"?>
<record
    xmlns:xsi="http://www.w3.org/2001/XMLSchema-instance"
    xsi:schemaLocation="http://www.loc.gov/MARC21/slim http://www.loc.gov/standards/marcxml/schema/MARC21slim.xsd"
    xmlns="http://www.loc.gov/MARC21/slim">

  <leader>01728nam a2200181 a 4500</leader>
  <datafield tag="020" ind1=" " ind2=" ">
    <subfield code="a">8126508868 (paperback)</subfield>
  </datafield>
  <datafield tag="020" ind1=" " ind2=" ">
    <subfield code="a">9788126508860 (paperback)</subfield>
  </datafield>
  <datafield tag="082" ind1=" " ind2=" ">
    <subfield code="a">530 PAN</subfield>
  </datafield>
  <datafield tag="100" ind1="1" ind2=" ">
    <subfield code="a">Pain, H. J.</subfield>
  </datafield>
  <datafield tag="245" ind1="1" ind2="0">
    <subfield code="a">Physics of vibrations &amp; waves /</subfield>
  </datafield>
  <datafield tag="250" ind1=" " ind2=" ">
    <subfield code="a">6th ed.</subfield>
  </datafield>
  <datafield tag="260" ind1=" " ind2=" ">
    <subfield code="a">[S.l.] :</subfield>
    <subfield code="b">Wiley,</subfield>
    <subfield code="c">2005.</subfield>
  </datafield>
  <datafield tag="300" ind1=" " ind2=" ">
    <subfield code="a">556p</subfield>
  </datafield>
  <datafield tag="520" ind1=" " ind2=" ">
    <subfield code="a">This new edition has been thoroughly revised and has been redesigned to meet the best contemporary standards. It includes new material on electron waves in solids using the kronig-penney model to show how their allowed energies are limited to brillouin zones, the role of phonons is also discussed. An optical transform is used to demonstrate the modern method of lens testing. In the last two chapters the sections on chaos and solutions have been reduced but their essential contents remain. As with earlier editions, the book has a large number of problems together with hints on how to solve them. The physics of vibrations and waves, 6th edition will prove invaluable for students taking a first full course in the subject across a variety of disciplines particularly physics, engineering and mathematics. &#xFFFD; simple harmonic motion &#xFFFD; damped simple harmonic motion &#xFFFD; the forced oscillator &#xFFFD; coupled oscillations &#xFFFD; transverse wave motion &#xFFFD; longitudinal waves &#xFFFD; waves on transmission lines &#xFFFD; electromagnetic waves &#xFFFD; waves in more than one dimension &#xFFFD; fourier methods &#xFFFD; waves in optical systems &#xFFFD; interference and diffraction &#xFFFD; wave mechanics &#xFFFD; non-linear oscillations and chaos &#xFFFD; non-linear waves, shocks and solutions.</subfield>
  </datafield>
  <datafield tag="650" ind1=" " ind2=" ">
    <subfield code="a">physics,vibrations,waves</subfield>
  </datafield>
  <datafield tag="856" ind1="4" ind2="0">
    <subfield code="u">http://www.amazon.com/exec/obidos/ASIN/8126508868/chopaconline-20</subfield>
  </datafield>
  <datafield tag="942" ind1=" " ind2=" ">
    <subfield code="c">BK</subfield>
  </datafield>
  <datafield tag="999" ind1=" " ind2=" ">
    <subfield code="c">1965</subfield>
    <subfield code="d">1965</subfield>
  </datafield>
  <datafield tag="952" ind1=" " ind2=" ">
    <subfield code="0">0</subfield>
    <subfield code="1">0</subfield>
    <subfield code="7">0</subfield>
    <subfield code="8">NFIC</subfield>
    <subfield code="a">MLCampus</subfield>
    <subfield code="b">MLCampus</subfield>
    <subfield code="c">GEN</subfield>
    <subfield code="d">2015-08-26</subfield>
    <subfield code="g">1485.00</subfield>
    <subfield code="l">8</subfield>
    <subfield code="o">530 PAN</subfield>
    <subfield code="p">006261</subfield>
    <subfield code="r">2016-09-09 00:00:00</subfield>
    <subfield code="s">2016-09-03</subfield>
    <subfield code="y">REF</subfield>
  </datafield>
</record>
